000 00579nam a22002057a 4500
003 OSt
005 20140310183059.0
008 130301t xxu||||| |||| 00| 0 eng d
020 _a9710616919
050 _aLB 2365.L38
_b.V715 1994
082 _aFIL 428.2
_bIn6 1994
245 _aInnovative strategies in communication arts
_cVillamin,Araceli M ... [et al.]
260 _aQuezon City :
_b Phoenix Publishing House,
_c1994
300 _a 236 p.
_c24 cm
521 _acollege students
526 _c1210L-1700L
541 _j1
562 _e1
942 _2lcc
_cBK
_kFIL
999 _c18715
_d18715